00538nam a2200181 a 4500001001300000003000900013005001700022008004100039020002100080082001500101100002800116245007600144260004500220300001000265500003500275650001800310700002800328nice12345678IN_TiNIC20260116015414.0131227s2001 newa grp 000 0 eng  a0891840516 c000a303.4bDAG aDagron, Alfonso Gumicio aMaking Wavesb Stories of Participatory Communication for Social Change aNew York bRockefeller Foundation c2001 a352p  aincludes index and biblioraphy aSocial Change1 aDagron, Alfonso Gumicio